书目信息 |
| 题名: |
社会性别与发展译文集
|
|
| 作者: | 马元曦 主编 | |
| 分册: | ||
| 出版信息: | 北京 生活·读书·新知三联书店 2000.03 |
|
| 页数: | 238页 | |
| 开本: | 32开 | |
| 丛书名: | ||
| 单 册: | ||
| 中图分类: | C913.68-53 | |
| 科图分类: | ||
| 主题词: | 社会生活 , 社会问题 | |
| 电子资源: | ||
| ISBN: | 7-108-01442-4 | |
| 000 | 00609nam0 2200205 45 | |
| 001 | 0012130909 | |
| 005 | 20001213095111.5 | |
| 010 | @a7-108-01442-4@d13.00。5 | |
| 100 | @a20001213d2000 km y0chiy0120 ea | |
| 101 | 0 | @achi |
| 105 | @a z 000yy | |
| 200 | 1 | @a社会性别与发展译文集@AShe Hui Xing Bie Yu Fa Zhan Yi Wen Ji@f马元曦主编@FMa Yuan Xi Zhu Bian |
| 210 | @a北京@c生活·读书·新知三联书店@d2000.03 | |
| 215 | @a238页@d32开 | |
| 606 | 0 | @a社会生活 |
| 606 | 0 | @a社会问题 |
| 690 | @aC913.68-53@v3 | |
| 701 | 0 | @a马元曦@4主编 |
| 801 | @aCN@bPftUser@c20001213 | |
| 905 | @b307751-752@dC913.68-53@eM903@f2 | |
| 社会性别与发展译文集/马元曦主编.-北京:生活·读书·新知三联书店,2000.03 |
| 238页;32开 |
| ISBN 7-108-01442-4:13.00。5 |
| ● |
| 相关链接 |
|
|
|
正题名:社会性别与发展译文集
索取号:C913.68-53/M903
 
预约/预借
| 序号 | 登录号 | 条形码 | 馆藏地/架位号 | 状态 | 备注 |
| 1 | 307751 | 203077516 | 社科库509/509社科库 62排5列3层/ [索取号:C913.68-53/M903] | 在馆 | |
| 2 | 307752 | 203077525 | 社科库509/509社科库 62排5列3层/ [索取号:C913.68-53/M903] | 在馆 |